|
|
|
|
| LEADER |
00000nab a2200000 a 4500 |
| 001 |
vtls001496729 |
| 003 |
SK-MaSNL |
| 005 |
20260304145512.0 |
| 008 |
250505c2004 xo mr|p|||||||000 b|slo |
| 015 |
|
|
|a SNBRB2005/02
|2 snkbucl
|
| 035 |
|
|
|a (uuid)780af40f-c1a4-4b3d-9ead-f81da18b1703
|
| 035 |
|
|
|a urn:nbn:sk:snk-abf4fi
|
| 035 |
|
|
|a (urnnbn)urn:nbn:sk:snk:ar-004yw6
|
| 038 |
|
|
|a SNKBUCL
|
| 040 |
|
|
|a SNKBUCL
|b slo
|c SNKBUCL
|e AACR2
|
| 041 |
0 |
|
|a slo
|b eng
|
| 044 |
|
|
|a xo
|c SK
|
| 080 |
|
|
|a 82(091)
|2 1997
|
| 080 |
|
|
|a 82(091):821.162.4"17/18"
|2 1997
|
| 080 |
|
|
|a 821.162.4
|x (091)
|x "17/18"
|2 1997
|
| 100 |
1 |
|
|a Gáfriková, Gizela,
|d 1945-2014
|4 aut
|9 101617
|
| 245 |
1 |
0 |
|a K Tablicovmu historiografickému konceptu slovenskej literatúry
|c Gizela Gáfriková
|
| 504 |
|
|
|a Bibliogr. odkazy
|
| 546 |
|
|
|a Res. angl.
|
| 600 |
1 |
7 |
|a Tablic, Bohuslav,
|d 1769-1832
|2 snkbucl
|9 223116
|
| 600 |
1 |
7 |
|a Tablic, Bohuslav,
|d 1769-1832
|t Paměti česko-slovenských básnířův aneb veršovcův ...
|2 snkbucl
|9 158038
|
| 650 |
0 |
7 |
|a slovenská literatúra
|x historiografia
|x dejiny
|2 snkbucl
|9 1468421
|
| 773 |
0 |
|
|t Slovenská literatúra
|g Roč. LI, č. 4 (2004), s. 260-268
|x 0037-6973
|
| 850 |
|
|
|a Slovenská národná knižnica
|
| 852 |
|
|
|a Slovenská národná knižnica
|
| 954 |
|
|
|a odborná, vedecká literatúra pôvodná (slovenská)
|2 lita
|
| 958 |
|
|
|a article27
|
| 958 |
|
|
|a LX
|
| 958 |
|
|
|a NB
|
| 958 |
|
|
|a OND
|
| 958 |
|
|
|a EUIPO
|
| 999 |
|
|
|c 2935813
|d 2937743
|